Connaissez-Vous vos Abréviations? - Statistiques

Statistiques générales
  • Ce quiz a été pris 327 fois
  • Le résultat moyen est 10 sur 15
Statistiques - réponses
Abréviation Répondre % Correct
bjr Bonjour
100%
auj Aujourd'hui
98%
pk Pourquoi
96%
tjs Toujours
96%
slt Salut
94%
jms Jamais
92%
vazi Vas-y
89%
ki Qui
88%
bi1to Bientôt
83%
biz Bisous
83%
ir Hier
43%
tds Tout de suite
33%
m Merci
9%
dqp Dès que possible
6%
bsr Bonsior
4%
Aucun quiz correspondant
Distribution des résultats
% des personnes avec chaque résultat
Percentile par nombre de réponses
Votre historique - résultats
Vous n’avez pas pris ce quiz